| 000 | 00843nam a22002537a 4500 | ||
|---|---|---|---|
| 003 | OSt | ||
| 005 | 20260530113916.0 | ||
| 008 | 260508b1980 sp a|||| |||| 00| 0 spa d | ||
| 020 | _a8431516569 | ||
| 040 |
_aICI _bspa _cICI |
||
| 050 |
_aTL770 _b.D34 1987 |
||
| 100 | 1 |
_aD'Agostino, Carlo, _eautor. _934064 |
|
| 245 | 1 | 0 |
_aModelismo aéreo / _cCarlo d'Agostino. |
| 300 |
_a95 páginas : _bilustraciones ; |
||
| 500 | _aManual ilustrado sobre técnicas y construcción de modelos de aeronaves. | ||
| 504 | _aIncluye índice y referencias técnicas. | ||
| 650 | 0 |
_aAeromodelismo. _934065 |
|
| 650 | 0 |
_aModelos de aviones. _934066 |
|
| 650 | 0 |
_aAeronaves _xModelos reducidos. _934067 |
|
| 650 | 0 |
_aAviación recreativa. _934068 |
|
| 650 | 0 |
_aManualidades técnicas. _934069 |
|
| 650 | 0 |
_aConstrucción de modelos. _934070 |
|
| 942 |
_2lcc _cBK _n1 |
||
| 999 |
_c12284 _d12284 |
||